000 00643nam a2200205Ia 4500
003 GCL
008 140319s9999 xx 000 0 ara d
040 _aGCL /
_cGCL
082 0 4 _a811.5
_bج م
100 1 _aجلال الدين الرومى
245 1 0 _aمثنوى جلال الدين الرومى شاعر الصوفية الاكبر /
_cجلال الدين الرومى
700 1 _aمحمد عبدالسلام كفافى
300 _a649 ص
490 _aكتاب
_v0
650 0 4 _aالشعر الدينى
650 0 4 _aالشعر
650 0 4 _aالشعر الصوفى
650 0 4 _aالشعر الدرامى
942 _2ddc
_cBK
999 _c42299
_d42299